Statystyki dla Porifera - budowa

Kliknij tutaj aby rozwiązać quiz!

Ogólne statystyki

  • Ten quiz został rozwiązany 31 razy
  • Średni wynik to 7 z 25

Statystyki odpowiedzi

Odpowiedź% Poprawnych
ascon
67%
endoderma
67%
leukon
67%
mezenchyma
67%
ostia
67%
paragaster
67%
paragaster
67%
sycon
67%
amebocyty
33%
choanocyty
33%
ektoderma
33%
skleroblasty
33%
część bazalna
0%
desma ryzoklon
0%
desma tetraklon
0%
kollencyty
0%
komory choanocytowe
0%
monakson oksa
0%
monaksony krzemionkowe
0%
osculum
0%
pinakocyty
0%
tetrakson kaltrop
0%
tetrakson ortotrien
0%
triakson lychnisk
0%
włókna sponginowe
0%

Rozkład punktacji

Percentyl według liczby udzielonych odpowiedzi

Procent ludzi z każdym wynikiem

Twoja historia wyników

Nie rozwiązałeś tego quizu